MARC

LEADER 00000nam0a2200000 4500
001 292777
005 20231102000529.0
020 |a RU  |b 84-16716 
035 |a (RuTPU)RU\TPU\book\317428 
090 |a 292777 
100 |a 20150425d1984 k y0rusy5003 ca 
101 0 |a rus 
102 |a RU 
105 |a a z 001zy 
200 1 |a Природные ресурсы больших озер СССР и вероятные их изменения  |e [монография]  |f Академия наук СССР (АН СССР), Институт озероведения (ИНОЗ) ; отв. ред. О. А. Алекин 
210 |a Ленинград  |c Наука  |d 1984 
215 |a 286 с.  |c ил.  |d 22 см 
320 |a Библиография в конце глав 
606 1 |a Озера  |2 stltpush  |3 (RuTPU)RU\TPU\subj\46817  |9 65911 
610 1 |a природные ресурсы 
610 1 |a СССР 
610 1 |a Ладожское озеро 
610 1 |a Онежское озеро 
610 1 |a озеро Ильмень 
610 1 |a озеро Белое 
610 1 |a Чудско-Псковское озеро 
610 1 |a озеро Чаны 
610 1 |a Балхаш 
610 1 |a Иссык-Куль 
610 1 |a теплообеспеченность 
610 1 |a влагообеспеченность 
610 1 |a антропогенное влияние 
610 1 |a продуктивность 
610 1 |a биоценоз 
610 1 |a монографии 
675 |a 556.55  |z rus  |v 4 
702 1 |a Алекин  |b О. А.  |g Олег Александрович  |4 340 
712 0 2 |a Академия наук СССР (АН СССР)  |b Институт озероведения (ИНОЗ)  |c (Ленинград)  |2 stltpush  |3 (RuTPU)RU\TPU\col\11552 
801 0 |a RU  |b RuMRKP  |c 19950704  |g psbo 
801 1 |a RU  |b 63413507  |c 20150425 
801 2 |a RU  |b 63413507  |c 20181219  |g RCR 
942 |c BK